000 00646nam a2200241Ia 4500
003 OSt
005 20220918222331.0
006 a|||||r|||| 00| 0
007 ta
008 220917b |||||||| |||| 00| 0 eng d
024 _a216,456
037 _cTextual
040 _aARTS
_cARTS
_beng
041 _2eng
_aeng
082 _aY15:45.55, N9
100 _aRublack Ulinka
_9142813
245 0 _aCrimes of women in early modern Germany
260 _aOxford
_bClearendon Press
_c1999
300 _aix, 292p
_ccm.
650 _aSOCIOLOGY
942 _hY15:45.55, N9
_cTEXL
_2CC
999 _c275194
_d275194